00729nam a2200205 a 450000100060000000300080000600500170001400800410003103500190007204000260009104100080011708200280012524501640015324600480031730000160036550500130038165000470039465000570044170000250049879757BD-RjUL20220425150453.0220425s1940 enk||||| |||| 00| 0 eng d a(BD-RjUL)79757 aBD-RjULbengcBD-RjUL aeng 223a348.42046bENG 1940 aThe English and Empire digest : bwith complete and exhaustive annotations. Cumulative supplement bringing the work up to 1940 /cedited by Philip F. Skottowe. aEnglish and Empire digest. Supplement 1940. av.;c25 cm.01aVOl.1-22 aLaw reports, digests, etc.xGreat Britain. aLaw reports, digests, etc. xCommonwealth countries. aSkottowe, Philip F.